000 00747nam a2200253Ia 4500
003 OSt
005 20220928111930.0
006 a|||||r|||| 00| 0
007 ta
008 220927b |||||||| |||| 00| 0 eng d
024 _a130865
037 _cTextual
040 _aSDCL
_cSDCL
_beng
041 _2eng
_aeng
082 _aR14, L5
100 _aDold A
_9407869
245 0 _aISIlC logic confrence
_b Proceedings of the international summer institute and logic colloquium keil 1974.
260 _aNew York
_b Springer-Verlag
_c1975
300 _aiv,651p.
_ccm.
490 _aLecture notes in mathematics.
700 _a Eckmann B
_9407870
942 _hR14, L5
_cTEXL
_2CC
999 _c742493
_d742493